[Event "BL 9192 Hannover-HSK"]
[Site "?"]
[Date "1992.??.??"]
[Round "?.7"]
[White "Heinemann, T."]
[Black "Nagatz, F."]
[Result "0-1"]
[WhiteElo "2395"]
[BlackElo "2255"]
[PlyCount "82"]
[EventDate "1992.??.??"]

1. d4 Nf6 2. c4 e6 3. Nc3 Bb4 4. e3 O-O 5. Nge2 d5 6. a3 Be7 7. b3 c5 8. g3
dxc4 9. bxc4 cxd4 10. exd4 Qc7 11. Qd3 Nc6 12. Nb5 Qd7 13. f4 Rd8 14. Be3 b6
15. Bh3 a6 16. Nbc3 Qc7 17. Bg2 Rb8 18. Nb1 Bb7 19. O-O Ng4 20. Rd1 Na5 21.
Bxb7 Rxb7 22. Rc1 Nxe3 23. Qxe3 Nxc4 24. Qd3 b5 25. Nd2 Rc8 26. Rc2 Qd7 27.
Nxc4 Rxc4 28. Rxc4 bxc4 29. Qxc4 Rb2 30. Kf2 Qb7 31. Rd1 Rb3 32. d5 exd5 33.
Rxd5 Rxa3 34. Qd4 h6 35. f5 Bf6 36. Qc5 Qb3 37. Rd1 Qf3+ 38. Ke1 Re3 39. Qc8+
Kh7 40. Qxa6 Bc3+ 41. Rd2 Qh1+ 0-1

[Event "BL 9192 Hannover-HSK"]
[Site "?"]
[Date "1992.??.??"]
[Round "?.8"]
[White "Koelle, A."]
[Black "Sievers, S."]
[Result "0-1"]
[WhiteElo "2240"]
[BlackElo "2365"]
[PlyCount "46"]
[EventDate "1992.??.??"]

1. e4 c5 2. Nf3 d6 3. d4 cxd4 4. Nxd4 Nf6 5. Nc3 g6 6. Be2 Bg7 7. O-O O-O 8.
Bg5 Nc6 9. Nb3 Be6 10. Kh1 Na5 11. f4 Nc4 12. Rf3 Rc8 13. Rb1 a6 14. f5 Bd7 15.
Qe1 Ne5 16. Re3 gxf5 17. Bd3 fxe4 18. Nxe4 Nfg4 19. Rh3 h6 20. Qh4 f5 21. Bxe7
Qb6 22. Nec5 dxc5 23. Bxf8 Rxf8 0-1

[Event "BL 9192 Erfurt-Bamberg"]
[Site "?"]
[Date "1992.??.??"]
[Round "?.1"]
[White "Unzicker, W."]
[Black "Teske, H."]
[Result "0-1"]
[WhiteElo "2450"]
[BlackElo "2455"]
[PlyCount "56"]
[EventDate "1992.??.??"]

1. Nf3 c5 2. c4 Nc6 3. Nc3 Nd4 4. e3 Nxf3+ 5. Qxf3 g6 6. Qd1 Bg7 7. d4 cxd4 8.
exd4 d6 9. Be2 Nh6 10. g4 O-O 11. h3 f5 12. Bg5 Be6 13. Qd2 Nf7 14. Be3 Rc8 15.
b3 a6 16. Rc1 b5 17. gxf5 Bxf5 18. cxb5 axb5 19. Bxb5 e5 20. Bc4 Kh8 21. Bxf7
Rxf7 22. Ne2 Rxc1+ 23. Qxc1 Qa8 24. Ng3 exd4 25. Bh6 Be5 26. f4 Qf3 27. Rg1
Bxh3 28. Qd2 Bf6 0-1

[Event "BL 9192 Erfurt-Bamberg"]
[Site "?"]
[Date "1992.??.??"]
[Round "?.2"]
[White "Casper, T."]
[Black "Meister, P."]
[Result "1/2-1/2"]
[WhiteElo "2430"]
[BlackElo "2410"]
[PlyCount "112"]
[EventDate "1992.??.??"]

1. e4 c5 2. Nf3 d6 3. g3 Nc6 4. Bg2 g6 5. O-O Bg7 6. c3 e5 7. d3 Nge7 8. a3 a5
9. a4 O-O 10. Na3 h6 11. Nb5 d5 12. exd5 Nxd5 13. Re1 Be6 14. Nd2 Rb8 15. Na3
b6 16. Ne4 Kh8 17. Qc2 Qd7 18. f3 Rfd8 19. Bd2 Nde7 20. Nf2 c4 21. Bf1 cxd3 22.
Qxd3 Qxd3 23. Bxd3 Rxd3 24. Nxd3 Rd8 25. Rad1 Rxd3 26. Be3 Rxd1 27. Rxd1 Nc8
28. Nb5 Bf8 29. Nc7 Bb3 30. Rd7 Kg8 31. Ne8 Bc5 32. Bxc5 bxc5 33. Nf6+ Kg7 34.
Ne4 Bxa4 35. Nxc5 Bb5 36. b3 N6e7 37. Rc7 Kf8 38. Nd7+ Bxd7 39. Rxd7 Nc6 40.
Rc7 N8e7 41. Rb7 Nd5 42. Kf2 Ke8 43. g4 h5 44. gxh5 gxh5 45. Ke1 h4 46. Kd2 h3
47. Kd3 f5 48. Kd2 Kd8 49. Rh7 Nf4 50. Rf7 Ne7 51. Rf8+ Kd7 52. Ra8 Nc6 53. Rf8
Ke6 54. Re8+ Kd7 55. Rf8 Ke6 56. Re8+ Kd7 1/2-1/2

[Event "BL 9192 Erfurt-Bamberg"]
[Site "?"]
[Date "1992.??.??"]
[Round "?.3"]
[White "Kurz, A."]
[Black "Kuczynski, R."]
[Result "0-1"]
[WhiteElo "2325"]
[BlackElo "2500"]
[PlyCount "113"]
[EventDate "1992.??.??"]

1. d4 d5 2. c4 c6 3. Nf3 Nf6 4. Nc3 e6 5. Bg5 h6 6. Bh4 dxc4 7. e4 g5 8. Bg3 b5
9. Qc2 a6 10. Be2 Be7 11. O-O Bb7 12. Rad1 Nbd7 13. Ne5 h5 14. h4 gxh4 15. Bxh4
Ng4 16. Bg3 Ngxe5 17. Bxe5 Nxe5 18. dxe5 Qc7 19. Qd2 Rd8 20. Qf4 Kf8 21. b3
cxb3 22. axb3 h4 23. Bg4 Kg7 24. Rxd8 Bxd8 25. Rd1 Qe7 26. Rd6 Bc7 27. Rd3 Rh6
28. Rf3 c5 29. Nd1 Bc6 30. Ne3 Be8 31. Bf5 Rh5 32. g4 Rg5 33. Kf1 Kf8 34. Qh2
Rg7 35. g5 Qxg5 36. Bxe6 Qxe5 37. Qh3 Qa1+ 38. Ke2 Qa2+ 39. Kf1 Qb1+ 40. Ke2
Qb2+ 41. Kf1 Kg8 42. Bd5 Qd2 43. Ng4 Qc1+ 44. Ke2 Ba5 45. Rd3 c4 46. bxc4 bxc4
47. Re3 Qe1+ 48. Kf3 Qd1+ 49. Re2 Rg6 50. Qxh4 Kg7 51. Ne3 Qd3 52. Bxc4 Qc3 53.
Qe7 Rf6+ 54. Kg2 Bc6 55. Rc2 Qd4 56. Bd5 Bxd5 57. exd5 {.../62?/} 0-1

[Event "BL 9192 Erfurt-Bamberg"]
[Site "?"]
[Date "1992.??.??"]
[Round "?.4"]
[White "Paehtz, T."]
[Black "Bezold, M."]
[Result "0-1"]
[WhiteElo "2495"]
[BlackElo "2345"]
[PlyCount "118"]
[EventDate "1992.??.??"]

1. d4 d6 2. Nf3 Bg4 3. c4 Nd7 4. e3 e5 5. Be2 Ngf6 6. Nc3 Be7 7. h3 Bh5 8. b3
c6 9. Bb2 O-O 10. g4 Bg6 11. Nd2 exd4 12. exd4 d5 13. h4 Re8 14. Kf1 h6 15. g5
hxg5 16. hxg5 Nh7 17. cxd5 Bxg5 18. dxc6 bxc6 19. Nf3 Bf6 20. Bd3 Ndf8 21. Qc2
Bxd3+ 22. Qxd3 Ng6 23. Qf5 Qc8 24. Qxc8 Raxc8 25. Rd1 Nf4 26. Bc1 Nd5 27. Na4
Nf8 28. Bg5 Bxg5 29. Nxg5 f6 30. Nh3 g5 31. Rg1 Ne6 32. Rg3 Kf7 33. Nc3 Nxc3
34. Rxc3 Red8 35. Rcd3 Rd5 36. Ng1 Rcd8 37. Ne2 c5 38. Rh3 Kg6 39. Re3 Nxd4 40.
Nc3 R5d7 41. Rc1 Rh7 42. Kg2 f5 43. Rh3 Rxh3 44. Kxh3 f4 45. Kg2 Kf5 46. f3
Nxf3 47. Kxf3 Rd2 48. Ne2 g4+ 49. Kf2 f3 50. Rxc5+ Ke6 51. Rc6+ Kd5 52. Rg6
Rxe2+ 53. Kf1 Rg2 54. a4 Ke4 55. Ra6 Rb2 56. Rxa7 g3 57. Re7+ Kd5 58. Rd7+ Kc6
59. Rd1 Rh2 0-1

[Event "BL 9192 Erfurt-Bamberg"]
[Site "?"]
[Date "1992.??.??"]
[Round "?.5"]
[White "Goetz, R."]
[Black "Mueller, Mat"]
[Result "1/2-1/2"]
[WhiteElo "2355"]
[BlackElo "2355"]
[PlyCount "39"]
[EventDate "1992.??.??"]

1. e4 e5 2. Nf3 Nf6 3. Nxe5 d6 4. Nc4 Nxe4 5. d4 d5 6. Ne3 Qf6 7. Qe2 Be6 8. c3
Nc6 9. Nd2 O-O-O 10. g3 Nxd2 11. Bxd2 h5 12. h4 Qg6 13. Qd3 Qxd3 14. Bxd3 Ne7
15. O-O-O Ng8 16. b4 Nh6 17. Rde1 Bd6 18. Re2 Kb8 19. Kb2 c6 20. Rc1 1/2-1/2

[Event "BL 9192 Erfurt-Bamberg"]
[Site "?"]
[Date "1992.??.??"]
[Round "?.6"]
[White "Schwarz, M."]
[Black "Stickler, A."]
[Result "1-0"]
[WhiteElo "2380"]
[BlackElo "2255"]
[PlyCount "27"]
[EventDate "1992.??.??"]

1. c4 Nf6 2. g3 e5 3. Bg2 Nc6 4. Nf3 d5 5. cxd5 Nxd5 6. O-O Be7 7. d4 exd4 8.
Nxd4 Nxd4 9. Qxd4 Nb4 10. Qxg7 Bf6 11. Qh6 Nc2 12. Nc3 Bxc3 13. bxc3 Nxa1 14.
Qg7 1-0

[Event "BL 9192 Erfurt-Bamberg"]
[Site "?"]
[Date "1992.??.??"]
[Round "?.7"]
[White "Niedermaier, H."]
[Black "Maiwald, J."]
[Result "1/2-1/2"]
[WhiteElo "2315"]
[BlackElo "2340"]
[PlyCount "69"]
[EventDate "1992.??.??"]

1. e4 c5 2. Nf3 d6 3. d4 cxd4 4. Nxd4 Nf6 5. Nc3 Nc6 6. g3 Bd7 7. Bg2 a6 8. O-O
e6 9. Be3 Qc7 10. Nxc6 Bxc6 11. a3 Be7 12. f4 O-O 13. f5 Rae8 14. fxe6 fxe6 15.
Qe2 d5 16. exd5 exd5 17. Qd3 Kh8 18. Bd4 Ne4 19. Nxd5 Bxd5 20. Bxe4 Bxe4 21.
Qxe4 Bc5 22. Rxf8+ Rxf8 23. c3 h6 24. Rf1 Rd8 25. Kg2 Bxd4 26. cxd4 Qc4 27. Rf2
b5 28. Rd2 Rf8 29. Rf2 Rd8 30. b4 Kg8 31. Rf4 Qa2+ 32. Kh3 Qc4 33. Kg2 Qa2+ 34.
Kh3 Qc4 35. Kg2 1/2-1/2

[Event "BL 9192 Erfurt-Bamberg"]
[Site "?"]
[Date "1992.??.??"]
[Round "?.8"]
[White "Lazarev, V."]
[Black "Huemmer, B."]
[Result "1/2-1/2"]
[WhiteElo "2445"]
[BlackElo "2275"]
[PlyCount "137"]
[EventDate "1992.??.??"]

1. d4 Nf6 2. c4 d6 3. Nc3 e5 4. Nf3 Nbd7 5. e4 Be7 6. Be2 O-O 7. O-O c6 8. Rb1
a6 9. Qc2 b5 10. b4 Bb7 11. Rd1 Qc7 12. Bg5 Nb6 13. dxe5 dxe5 14. c5 Nbd7 15.
Nh4 g6 16. Qd3 Rfe8 17. Qg3 Kh8 18. Rd3 Nf8 19. Rbd1 Rad8 20. Qf3 Kg7 21. Qg3
Kh8 22. Nf3 Rxd3 23. Rxd3 Nh5 24. Qh4 f6 25. Bh6 Ne6 26. g3 Rd8 27. Qh3 Bc8 28.
Qf1 a5 29. a3 Nhg7 30. Qd1 Kg8 31. Qb3 Rxd3 32. Bxd3 Qd8 33. Ne2 Kf8 34. Be3
Qc7 35. Qc3 a4 36. Nd2 Qd8 37. Nf3 Qc7 38. Qc2 Qd8 39. Nc3 Qc7 40. Qd2 Qd8 41.
Qc2 Qc7 42. Nxb5 cxb5 43. Bxb5 f5 44. Bxa4 f4 45. Bd2 fxg3 46. hxg3 Nh5 47. Bc3
Bf6 48. Qb2 Nd4 49. Nxd4 exd4 50. Bxd4 Qf7 51. b5 Qc4 52. Bxf6 Bh3 53. Kh2 Qxe4
54. Kxh3 Qh1+ 55. Kg4 Qe4+ 56. f4 Qf5+ 57. Kf3 Qd3+ 58. Kf2 Qxg3+ 59. Kf1 Qf3+
60. Qf2 Qd3+ 61. Kg1 Nxf6 62. b6 Ng4 63. Bc2 Qd5 64. b7 Qxb7 65. Qd4 Qf3 66.
Qh8+ Kf7 67. Qxh7+ Kf8 68. Qh8+ Kf7 69. Qh7+ 1/2-1/2

[Event "BL 9192 Koblenz-Porz"]
[Site "?"]
[Date "1992.??.??"]
[Round "?.1"]
[White "Lutz, C."]
[Black "Seul, G."]
[Result "1/2-1/2"]
[WhiteElo "2540"]
[BlackElo "2415"]
[PlyCount "90"]
[EventDate "1992.??.??"]

1. d4 Nf6 2. c4 e6 3. Nf3 Bb4+ 4. Bd2 Qe7 5. g3 Nc6 6. Nc3 O-O 7. Bg2 d6 8. d5
Nd8 9. dxe6 fxe6 10. O-O Nc6 11. a3 Bxc3 12. Bxc3 e5 13. b4 Kh8 14. b5 Nd8 15.
c5 Nf7 16. cxd6 cxd6 17. a4 Be6 18. Bb4 Rad8 19. Qd2 Qd7 20. Ng5 Nxg5 21. Qxg5
Bd5 22. Rad1 Qe6 23. Rd3 Bxg2 24. Kxg2 Rd7 25. Qd2 Rfd8 26. Rc1 d5 27. f3 d4
28. e4 dxe3 29. Rxd7 Rxd7 30. Qxe3 h6 31. Qe2 Rd4 32. Bc3 Rxa4 33. Qxe5 Ra2+
34. Kh1 Qxe5 35. Bxe5 Nd5 36. h4 Rf2 37. Rd1 Ne3 38. Rd8+ Kh7 39. Rd7 Nf5 40.
g4 Re2 41. gxf5 Rxe5 42. f6 Rxb5 43. f7 Rf5 44. Kg2 h5 45. Rxb7 a6 1/2-1/2

[Event "BL 9192 Koblenz-Porz"]
[Site "?"]
[Date "1992.??.??"]
[Round "?.2"]
[White "Brueckner, T."]
[Black "Hort, V."]
[Result "1/2-1/2"]
[WhiteElo "2405"]
[BlackElo "2560"]
[PlyCount "52"]
[EventDate "1992.??.??"]

1. c4 e5 2. g3 c6 3. Bg2 d5 4. cxd5 cxd5 5. d4 e4 6. Nc3 Nc6 7. Nh3 h6 8. Nf4
Nf6 9. f3 g5 10. fxe4 gxf4 11. e5 Ne4 12. Bxf4 Nxc3 13. bxc3 Be6 14. O-O Qd7
15. c4 Rd8 16. e4 dxc4 17. d5 Bg7 18. dxe6 Qxe6 19. Qh5 O-O 20. Bh3 Qg6 21.
Qxg6 fxg6 22. Be6+ Kh7 23. Bxc4 g5 24. Be3 Nxe5 25. Rxf8 Rxf8 26. Rc1 Nxc4
1/2-1/2

[Event "BL 9192 Koblenz-Porz"]
[Site "?"]
[Date "1992.??.??"]
[Round "?.3"]
[White "Vaganian, R."]
[Black "Wolf, V."]
[Result "1-0"]
[WhiteElo "2590"]
[BlackElo "2320"]
[PlyCount "51"]
[EventDate "1992.??.??"]

1. Nf3 Nf6 2. g3 b6 3. Bg2 Bb7 4. c4 e6 5. O-O Be7 6. Nc3 O-O 7. Re1 c5 8. e4
d6 9. d4 cxd4 10. Nxd4 Qc8 11. Be3 a6 12. Rc1 Nbd7 13. f4 Re8 14. f5 Bf8 15.
fxe6 fxe6 16. Bh3 Nc5 17. b4 Ncxe4 18. Nd5 Rb8 19. Nxb6 Qc7 20. Bxe6+ Kh8 21.
Nd5 Qd8 22. Qd3 Nc5 23. bxc5 dxc5 24. Bf4 cxd4 25. Bc7 Bxd5 26. cxd5 1-0

[Event "BL 9192 Koblenz-Porz"]
[Site "?"]
[Date "1992.??.??"]
[Round "?.4"]
[White "Doncevic, D."]
[Black "Tal, M."]
[Result "1/2-1/2"]
[WhiteElo "2355"]
[BlackElo "2525"]
[PlyCount "72"]
[EventDate "1992.??.??"]

1. e4 c5 2. c3 Nf6 3. e5 Nd5 4. d4 cxd4 5. Nf3 e6 6. cxd4 b6 7. Nc3 Nxc3 8.
bxc3 Be7 9. Bd3 Bb7 10. O-O d6 11. Bf4 Nc6 12. Re1 dxe5 13. Nxe5 Nxe5 14. Bxe5
Bf6 15. Qh5 Bxe5 16. Bb5+ Kf8 17. dxe5 Qd5 18. Bf1 Bc6 19. Rad1 Qa5 20. Rd6
Qxc3 21. Re3 Qc5 22. Qg5 h6 23. Qg3 Bd5 24. Rc3 Qd4 25. Rc7 g5 26. Rdd7 Rh7 27.
Qa3+ Kg8 28. Qd6 Rg7 29. Rxa7 Rxa7 30. Rxa7 Kh7 31. Qf8 Qxe5 32. Rxf7 Rxf7 33.
Qxf7+ Kh8 34. Qf8+ Kh7 35. Qf7+ Kh8 36. Qf8+ Kh7 1/2-1/2

[Event "BL 9192 Koblenz-Porz"]
[Site "?"]
[Date "1992.??.??"]
[Round "?.5"]
[White "Hickl, J."]
[Black "Fritsche, L."]
[Result "1/2-1/2"]
[WhiteElo "2515"]
[BlackElo "2395"]
[PlyCount "128"]
[EventDate "1992.??.??"]

1. g3 e5 2. Bg2 Nc6 3. c4 g6 4. Nc3 Bg7 5. Rb1 d6 6. b4 a6 7. d3 f5 8. Bd2 Nf6
9. Qc1 h6 10. e4 f4 11. gxf4 exf4 12. Bxf4 Nh5 13. Be3 Ne5 14. Qc2 O-O 15. Nce2
Bg4 16. d4 Nf3+ 17. Nxf3 Bxf3 18. Bxf3 Rxf3 19. h4 Qf6 20. Kd2 Re8 21. Rhg1 Nf4
22. Nxf4 Rxf4 23. Bxf4 Qxf4+ 24. Ke1 Rxe4+ 25. Kf1 Qxh4 26. Rb3 g5 27. Re3 Rf4
28. Rgg3 Qh1+ 29. Rg1 Qh5 30. Qe2 Qxe2+ 31. Kxe2 Rxd4 32. Rc1 Be5 33. Rc2 Kf7
34. Rd3 Rh4 35. b5 a5 36. c5 dxc5 37. Rxc5 Bd6 38. Rcd5 b6 39. R5d4 Rh1 40. Re4
h5 41. Rf3+ Bf4 42. Rd3 Ra1 43. Rd7+ Kf6 44. a4 Bd6 45. Rh7 Kg6 46. Rh8 Ra2+
47. Kf1 Bc5 48. f4 Kf5 49. Rc4 gxf4 50. Rxh5+ Kg4 51. Rh7 Be3 52. Rh8 Kg3 53.
Rh7 Rb2 54. Rcxc7 Rb4 55. Ke2 Bd4 56. Rcg7+ Bxg7 57. Rxg7+ Kh4 58. Kf3 Rxa4 59.
Rg6 Rb4 60. Rxb6 Kg5 61. Rb8 Rb3+ 62. Ke4 Rb4+ 63. Kf3 Rb3+ 64. Ke4 Rb4+
1/2-1/2

[Event "BL 9192 Koblenz-Porz"]
[Site "?"]
[Date "1992.??.??"]
[Round "?.6"]
[White "Fecht, H."]
[Black "Knaak, R."]
[Result "0-1"]
[WhiteElo "2245"]
[BlackElo "2505"]
[PlyCount "64"]
[EventDate "1992.??.??"]

1. d4 Nf6 2. c4 d6 3. Nc3 Nbd7 4. e4 e5 5. Nf3 g6 6. Be2 Bg7 7. O-O O-O 8. Qc2
Nh5 9. Bg5 f6 10. Be3 Nf4 11. Rad1 Nxe2+ 12. Qxe2 Rf7 13. dxe5 dxe5 14. c5 c6
15. Nd2 b6 16. b4 bxc5 17. b5 cxb5 18. Nxb5 Ba6 19. Nb3 Rb8 20. a4 Qb6 21. Qa2
Bxb5 22. axb5 Qxb5 23. Na5 Rb6 24. Rd5 Bf8 25. Rfd1 Qb2 26. Qxb2 Rxb2 27. Nc6
Nb6 28. Rd8 Kg7 29. Re8 c4 30. h4 c3 31. h5 g5 32. Rdd8 Nc4 0-1

[Event "BL 9192 Koblenz-Porz"]
[Site "?"]
[Date "1992.??.??"]
[Round "?.7"]
[White "Vogt, L."]
[Black "Reschke, S."]
[Result "1/2-1/2"]
[WhiteElo "2515"]
[BlackElo "2325"]
[PlyCount "86"]
[EventDate "1992.??.??"]

1. e4 c5 2. Nc3 Nc6 3. Nge2 g6 4. d4 cxd4 5. Nxd4 Bg7 6. Nb3 Nf6 7. Be2 O-O 8.
O-O d6 9. Bg5 Be6 10. Kh1 Rc8 11. f4 a6 12. Bf3 Qc7 13. Nd5 Bxd5 14. exd5 Na5
15. Nxa5 Qxa5 16. c3 b5 17. Qd2 Rc7 18. Rfe1 Rb8 19. a3 Qa4 20. Re2 h6 21. Bh4
a5 22. Rae1 Rbb7 23. Rc1 Qc4 24. Ree1 Rb8 25. Bf2 Rcb7 26. g3 Qc8 27. Kg2 Qf8
28. Qe3 Rc7 29. Re2 Qc8 30. Qd3 b4 31. axb4 axb4 32. c4 b3 33. Rc3 Qa6 34. Rxb3
Rxb3 35. Qxb3 Qxc4 36. Qxc4 Rxc4 37. Rxe7 Rb4 38. Re2 Nd7 39. Re8+ Nf8 40. Re2
Rxb2 41. Rxb2 Bxb2 42. Kf1 Nd7 43. Ke2 Ba3 1/2-1/2

[Event "BL 9192 Dortmund-Solingen"]
[Site "?"]
[Date "1992.??.??"]
[Round "?.2"]
[White "Smagin, S."]
[Black "Lau, R."]
[Result "1/2-1/2"]
[WhiteElo "2550"]
[BlackElo "2480"]
[PlyCount "125"]
[EventDate "1992.??.??"]

1. e4 d6 2. d4 Nf6 3. Nc3 g6 4. f4 Bg7 5. Nf3 O-O 6. Bd3 Nc6 7. e5 dxe5 8. fxe5
Nh5 9. Be3 f6 10. exf6 exf6 11. Qd2 Kh8 12. O-O-O Bg4 13. Be2 Ne7 14. h3 Bd7
15. g4 Ng3 16. Rhe1 Nxe2+ 17. Rxe2 c6 18. Rde1 Ng8 19. Kb1 Re8 20. a3 Be6 21.
Bf4 Bf7 22. Rxe8 Bxe8 23. g5 Bf7 24. gxf6 Nxf6 25. Ne5 Bg8 26. Bg5 Qf8 27. Qe2
Nh5 28. Qe3 Qf5 29. Ne4 Qe6 30. b3 b6 31. Qc3 c5 32. Nf6 Qf5 33. Nxh5 gxh5 34.
h4 Re8 35. Nd3 cxd4 36. Qd2 Rxe1+ 37. Qxe1 h6 38. Bd2 Bxb3 39. Qe8+ Bg8 40. Nf4
Qb5+ 41. Kc1 Qf5 42. Qxh5 Qxh5 43. Nxh5 Bf8 44. Bb4 Bxb4 45. axb4 Bf7 46. Ng3
Kg7 47. Nf5+ Kg6 48. Nxd4 Kh5 49. Nf5 Bg6 50. Nd6 Kxh4 51. c4 Bh5 52. Kd2 Kg5
53. c5 Bf3 54. Ke3 Ba8 55. cxb6 axb6 56. Nc8 b5 57. Na7 h5 58. Nxb5 h4 59. Kf2
Kg4 60. Nd4 h3 61. Kg1 Kg3 62. Ne2+ Kf3 63. Kh2 1/2-1/2

[Event "BL 9192 Dortmund-Solingen"]
[Site "?"]
[Date "1992.??.??"]
[Round "?.3"]
[White "Mohr, S."]
[Black "Schmittdiel, E."]
[Result "0-1"]
[WhiteElo "2455"]
[BlackElo "2485"]
[PlyCount "120"]
[EventDate "1992.??.??"]

1. d4 Nf6 2. c4 e6 3. Nc3 Bb4 4. Qc2 O-O 5. a3 Bxc3+ 6. Qxc3 a5 7. Bg5 d6 8. f3
h6 9. Bh4 Qe7 10. e4 e5 11. Ne2 Re8 12. Qc2 Nbd7 13. Rd1 c6 14. Nc3 Nf8 15. d5
Ng6 16. Bf2 cxd5 17. cxd5 Bd7 18. a4 Rec8 19. h4 Ne8 20. h5 Nf8 21. Bh4 f6 22.
Bd3 Nc7 23. Qb3 Be8 24. Bf2 Na6 25. Bb5 Nc5 26. Qa3 Nfd7 27. g4 Nb6 28. Bxe8
Qxe8 29. Nb5 Nc4 30. Qa2 Nxa4 31. Qxa4 Nxb2 32. Qb3 Nxd1 33. Kxd1 a4 34. Qb4 a3
35. Kd2 a2 36. Ra1 f5 37. exf5 e4 38. fxe4 Qe5 39. Qd4 Qh2 40. Nc3 Ra3 41. Ne2
b5 42. f6 Rf3 43. Be3 Rxf6 44. Rxa2 Qg2 45. g5 hxg5 46. Ra1 Rc4 47. Qd3 Qxe4
48. Qxe4 Rxe4 49. Bd4 Rf7 50. Rg1 Rf5 51. Kd3 Rh4 52. Be3 Rxd5+ 53. Nd4 Rh3 54.
Rg4 b4 55. Re4 b3 56. Kc3 Re5 57. Rxe5 dxe5 58. Nf5 Rf3 59. Ne7+ Kf7 60. Nd5
Ke6 0-1

[Event "BL 9192 Dortmund-Solingen"]
[Site "?"]
[Date "1992.??.??"]
[Round "?.4"]
[White "Mainka, R."]
[Black "Reeh, O."]
[Result "1-0"]
[WhiteElo "2455"]
[BlackElo "2445"]
[PlyCount "46"]
[EventDate "1992.??.??"]

1. e4 c5 2. Nf3 Nc6 3. Bb5 g6 4. O-O Bg7 5. Re1 Nf6 6. c3 O-O 7. d4 cxd4 8.
cxd4 d5 9. e5 Ne4 10. Nc3 Nxc3 11. bxc3 Na5 12. Ng5 h6 13. Nf3 a6 14. Bd3 Be6
15. Nh4 Rc8 16. f4 Qd7 17. f5 Bxf5 18. Bxf5 gxf5 19. Qh5 Rc6 20. Nxf5 Kh7 21.
Ba3 Re6 22. Re3 Nc6 23. Nxg7 Kxg7 1-0

[Event "BL 9192 Dortmund-Solingen"]
[Site "?"]
[Date "1992.??.??"]
[Round "?.5"]
[White "Podzielny, K."]
[Black "Keitlinghaus, L."]
[Result "1-0"]
[WhiteElo "2450"]
[BlackElo "2440"]
[PlyCount "121"]
[EventDate "1992.??.??"]

1. c4 e5 2. Nc3 Bb4 3. g3 Bxc3 4. bxc3 d6 5. Bg2 f5 6. Rb1 Nc6 7. d3 Nf6 8. Nh3
O-O 9. f4 e4 10. O-O Qe8 11. Qc2 b6 12. Nf2 exd3 13. exd3 Bd7 14. Nd1 Rd8 15.
Ne3 Ne7 16. Re1 Qf7 17. Rb2 g6 18. Qf2 Bc6 19. Bxc6 Nxc6 20. Qf3 Qd7 21. Nd5
Kg7 22. Rbe2 Rde8 23. Be3 Nxd5 24. cxd5 Nd8 25. Qg2 Kg8 26. Qh3 c5 27. Qh4 Qe7
28. Kf2 Qxh4 29. gxh4 Kf7 30. c4 Re7 31. Rb2 Rfe8 32. Bd2 Rxe1 33. Bxe1 Re7 34.
Bc3 h5 35. a4 Rb7 36. Ke3 Re7+ 37. Kd2 Nb7 38. Rb1 Rc7 39. Ra1 Rd7 40. Rg1 Re7
41. Rb1 Rc7 42. Ra1 Rd7 43. h3 Ke8 44. Ra2 Ke7 45. Rb2 Kf7 46. Rb1 Ke8 47. a5
Nxa5 48. Bxa5 bxa5 49. Rb5 a4 50. Ra5 Rb7 51. Kc2 Re7 52. Ra6 Re2+ 53. Kc3 Rf2
54. Rxd6 Rxf4 55. Rxg6 Rxh4 56. Rg3 Kf7 57. Rf3 Kf6 58. Kb2 Ke5 59. Ka3 Kd4 60.
Kxa4 a6 61. Ka5 1-0

[Event "BL 9192 Dortmund-Solingen"]
[Site "?"]
[Date "1992.??.??"]
[Round "?.6"]
[White "Thesing, M."]
[Black "Schaefer, Ma"]
[Result "1/2-1/2"]
[WhiteElo "2415"]
[BlackElo "2430"]
[PlyCount "123"]
[EventDate "1992.??.??"]

1. e4 e6 2. d4 d5 3. exd5 exd5 4. Nf3 Nf6 5. Bd3 Be7 6. h3 O-O 7. O-O h6 8. Bf4
c5 9. dxc5 Bxc5 10. Nc3 Nc6 11. a3 Be6 12. Qd2 Re8 13. Rae1 Rc8 14. Ne5 Nxe5
15. Bxe5 Nd7 16. Bg3 Nb6 17. Qc1 a6 18. Ne2 Qd7 19. Nf4 Bd6 20. Nxe6 fxe6 21.
Bxd6 Qxd6 22. f4 Nd7 23. Qe3 e5 24. fxe5 Nxe5 25. Kh1 Re7 26. Qg3 Rce8 27. Bf5
Nf7 28. Rxe7 Rxe7 29. Qxd6 Nxd6 30. Bd3 Ne4 31. Kg1 Nc5 32. Bg6 Na4 33. b3 Nc3
34. Bd3 Re6 35. Rf4 Ne2+ 36. Bxe2 Rxe2 37. Rf2 Re1+ 38. Rf1 Re3 39. Rd1 Re2 40.
Rxd5 Rxc2 41. Rd8+ Kh7 42. Rd6 Rc1+ 43. Kf2 Rc2+ 44. Kg1 Rc1+ 45. Kh2 Rc7 46.
Rb6 g5 47. g4 Kg7 48. Kg3 Rf7 49. h4 gxh4+ 50. Kxh4 Rd7 51. b4 Kh7 52. a4 Kg7
53. b5 axb5 54. axb5 Kh7 55. Re6 Kg7 56. b6 Kh7 57. Re8 Kg6 58. Rg8+ Rg7 59.
Rc8 Rf7 60. Rc7 Rg7 61. Rc5 Rf7 62. Rc7 1/2-1/2

[Event "BL 9192 Dortmund-Solingen"]
[Site "?"]
[Date "1992.??.??"]
[Round "?.7"]
[White "Zysk, R."]
[Black "Luecke, N."]
[Result "1-0"]
[WhiteElo "2390"]
[BlackElo "2395"]
[PlyCount "69"]
[EventDate "1992.??.??"]

1. d4 Nf6 2. Nf3 g6 3. c4 Bg7 4. g3 O-O 5. Bg2 d5 6. O-O dxc4 7. Na3 c3 8. bxc3
c5 9. e3 Nc6 10. Bb2 Qa5 11. Nd2 Bg4 12. f3 Be6 13. Nb3 Qb6 14. dxc5 Qc7 15.
Qe2 Rad8 16. Nb5 Qc8 17. c4 Bd7 18. Rad1 Qb8 19. Nc3 Be6 20. e4 Ne8 21. Nd5 f6
22. Nd4 Bd7 23. f4 e6 24. Nxc6 bxc6 25. Ne3 Qb4 26. Rd3 Rf7 27. Ba3 Qb7 28.
Rfd1 e5 29. f5 Bf8 30. Qd2 Qa6 31. Bh3 gxf5 32. Nxf5 Bxf5 33. Bxf5 Qxa3 34.
Rxd8 Kg7 35. Kg2 1-0

[Event "BL 9192 Dortmund-Solingen"]
[Site "?"]
[Date "1992.??.??"]
[Round "?.8"]
[White "Stein, B."]
[Black "Schneider, B1."]
[Result "1/2-1/2"]
[WhiteElo "2355"]
[BlackElo "2420"]
[PlyCount "28"]
[EventDate "1992.??.??"]

1. e4 g6 2. d4 Bg7 3. Nc3 c6 4. Nf3 d5 5. h3 Nf6 6. Bd3 O-O 7. O-O dxe4 8. Nxe4
Nxe4 9. Bxe4 Nd7 10. c3 e5 11. dxe5 Nxe5 12. Bf4 Qxd1 13. Rfxd1 Nxf3+ 14. Bxf3
Be6 1/2-1/2

[Event "BL 9192 Bielefeld-Bochum"]
[Site "?"]
[Date "1992.??.??"]
[Round "?.1"]
[White "Dokhoian, Y."]
[Black "Piskov, Y."]
[Result "1/2-1/2"]
[WhiteElo "2545"]
[BlackElo "2500"]
[PlyCount "59"]
[EventDate "1992.??.??"]

1. Nf3 Nf6 2. c4 g6 3. Nc3 Bg7 4. e4 d6 5. d4 O-O 6. Be2 e5 7. O-O Nc6 8. d5
Ne7 9. Nd2 a5 10. a3 Nd7 11. Rb1 f5 12. b4 Kh8 13. f3 Ng8 14. Qc2 axb4 15. axb4
Ndf6 16. c5 Nh5 17. g3 Ngf6 18. Rf2 fxe4 19. fxe4 Ng4 20. Rxf8+ Qxf8 21. Nd1
Bh6 22. Nf1 Bxc1 23. Qxc1 Ra2 24. Rb2 Rxb2 25. Qxb2 Nhf6 26. Qc2 h5 27. Nfe3
Nxe3 28. Nxe3 Bg4 29. Bxg4 Nxg4 30. Nxg4 1/2-1/2

[Event "BL 9192 Bielefeld-Bochum"]
[Site "?"]
[Date "1992.??.??"]
[Round "?.2"]
[White "Gruen, G."]
[Black "Glek, I."]
[Result "0-1"]
[WhiteElo "2375"]
[BlackElo "2515"]
[PlyCount "104"]
[EventDate "1992.??.??"]

1. d4 Nf6 2. Nf3 g6 3. g3 Bg7 4. Bg2 O-O 5. O-O d6 6. c4 Nbd7 7. Nc3 e5 8. e4
exd4 9. Nxd4 Re8 10. h3 a6 11. Be3 Rb8 12. Rb1 Ne5 13. b3 c5 14. Nde2 b5 15. f4
Ned7 16. cxb5 axb5 17. b4 Bb7 18. e5 Bxg2 19. Kxg2 cxb4 20. Rxb4 Qa5 21. Qb3
dxe5 22. f5 Bf8 23. fxg6 hxg6 24. Rg4 Qa8+ 25. Kg1 Kg7 26. Rh4 Qa3 27. Bh6+ Kg8
28. Bxf8 Qxf8 29. Qb4 Rec8 30. Qxf8+ Kxf8 31. Rb4 Rc5 32. a4 Nd5 33. Nxd5 Rxd5
34. Rfb1 Rd2 35. Kf1 Ra8 36. Ke1 Rd6 37. axb5 Nc5 38. Rc4 Nd3+ 39. Kf1 Rf6+ 40.
Kg1 Rb8 41. Nc3 Kg7 42. Na4 Rf3 43. b6 Rxg3+ 44. Kh2 Re3 45. b7 Rh8 46. h4 Nf4
47. Kg1 Rxh4 48. Rc3 Re2 49. Rg3 Reh2 50. Kf1 Ne2 51. Rgb3 Rg4 52. Ke1 Nf4 0-1